000 01036nam a2200265 i 4500
005 20260330163212.0
008 260330s2024 my gr 000 0 may d
020 _a9786299828570
_cRM54.00
_qpaperback
040 _aPPAK
_beng
_cPPAK
_ePPAK
082 0 4 _223
_a808.882
090 0 0 _a808.882
_bWAN
_dG
245 0 0 _aWanita BERHATI Angkasa /
_cPENYELENGGARA AZIAN MOHAMED ISA, NUR HAFIZAH SHAHAROM ; Penyunting: Nur Sakinah binti Ibrahim
264 1 _aBandar Baru Bangi, Selangor :
_bVito Print Plt (Boohero),
_c[2024?]
300 _axi, 271 pages :
_billustrations ;
_c21 cm
336 _atext
_2rdacontent
337 _aunmediated
_2rdamedia
338 _avolume
_2rdacarrier
500 _aContains translations of verses from the Qur'an.
650 1 0 _aSelf-actualization (Psychology) in women
_vAnecdotes
650 2 0 _aWomen
_vAnecdotes
700 0 _aAzian Mohamed Isa,
_eeditor.
700 0 _aNur Hafizah Shaharom,
_eeditor.
700 0 _a Nur Sakinah Ibrahim,
_eeditor.
942 _2ddc
_cB
999 _c203590
_d203590